Most Popular Songs in USA 3/8/2025 - Statistics

General Stats
  • This quiz has been taken 29 times
  • The average score is 8 of 15
Answer Stats
Rank Artist (Version) Answer Streams Radio Airplay Sales % Correct
2. Lady GaGa, Bruno Mars Die With A Smile 25.1 Million 63.4 Million 4.5 Thousand
90%
3. Kendrick Lamar Not Like Us 29.6 Million 20.4 Million 7.5 Thousand
86%
6. Rose, Bruno Mars APT. 17 Million 49.3 Million 4.5 Thousand
83%
7. Billie Eilish Birds Of A Feather 16.8 Million 50.1 Million 2.5 Thousand
72%
1. Kendrick Lamar, SZA Luther 38.9 Million 51.7 Million 4 Thousand
69%
5. Shaboozey A Bar Song (Tipsy) 16.8 Million 59.2 Million 4.5 Thousand
55%
8. Chappell Roan Pink Pony Club 18.1 Million 25.8 Million 7 Thousand
55%
12. Benson Boone Beautiful Things 16.4 Million 40.8 Million 3.5 Thousand
48%
9. Teddy Swims Lose Control 18.2 Million 40.9 Million 3 Thousand
45%
13. Gracie Abrams That's So True 13.9 Million 47.8 Million 1.5 Thousand
45%
4. Kendrick Lamar, Lefty Gunplay TV Off 26.6 Million 26 Million 2.5 Thousand
45%
15. SZA, Kendrick Lamar 30 For 30 16.8 Million 20.5 Million 0.6 Thousand
38%
10. Kendrick Lamar Squabble Up 19.5 Million 23.4 Million 2.5 Thousand
31%
11. Drake Nokia 19.8 Million 1.7 Million 7 Thousand
28%
14. Morgan Wallen Love Somebody 14.9 Million 37.1 Million 2.5 Thousand
21%
No matching quizzes found
Score Distribution
Percent of People with Each Score
Percentile by Number Answered
Your Score History
You have not taken this quiz